00492 2200193 4500001002100000005001500021008004100036020002000077035001900097041000700116082001100123090001700134100002000151245003100171250000600202260003800208300003700246650001500283INLIS00000000001058020241224114026241224||||||||| | ||| |||| || |  a978-979-29-1662 0010-1224010580 aid0 a004.02 a004.02 MIK s0 aMikael Sugianto00aSeri Belajar Cepat SPSS 18 a1 aSemarangbSmitDev Communityc2010 a21x14 cm, viii, 216 hlm.; ilus.: 0aKarya Umum